书目信息 |
| 题名: |
怀斯曼生存手册
|
|
| 作者: | 韦斯曼 著 ;许敏 , 李尼 译 | |
| 分册: | 驾驶技巧 | |
| 出版信息: | 哈尔滨 北方文艺出版社 2016 |
|
| 页数: | 344页 | |
| 开本: | 24cm | |
| 丛书名: | ||
| 单 册: | ||
| 中图分类: | G895 , U471.1 | |
| 科图分类: | ||
| 主题词: | 野外--ye wai--生存--基本知识 , 汽车驾驶--qi che jia shi--基本知识 | |
| 电子资源: | ||
| ISBN: | 978-7-5317-3706-3 | |
| 000 | 01175nam0 22003011 450 | |
| 001 | 0122100629 | |
| 005 | 20170322100629.0 | |
| 010 | @a978-7-5317-3706-3@dCNY39.80 | |
| 100 | @a20161102d2016 em y0chiy50 ea | |
| 101 | 1 | @achi@ceng |
| 102 | @aCN@b230000 | |
| 105 | @aa z 000yy | |
| 106 | @ar | |
| 200 | 1 | @a怀斯曼生存手册@9huai si man sheng cun shou ce@i驾驶技巧@dThe SAS survival@iDriver's handbook@f(英)约翰·怀斯曼著@g许敏,李尼译@zeng |
| 210 | @a哈尔滨@c北方文艺出版社@d2016 | |
| 215 | @a344页@c图@d24cm | |
| 300 | @a光明书架 300 生活馆 242 英国皇家特种部队教官权威教程 | |
| 330 | @a本书是一本驾车者必备的防御性驾驶高级技巧手册。书中详细介绍了驾驶基本知识、安全驾驶规则、汽车维护保养、应付紧急情况的策略、恶劣天气条件下驾驶和野外驾驶的技巧和禁忌等内容。 | |
| 510 | 1 | @aSAS survival@iDriver's handbook@zeng |
| 606 | 0 | @a野外@9ye wai@x生存@x基本知识 |
| 606 | 0 | @a汽车驾驶@9qi che jia shi@x基本知识 |
| 690 | @aG895@v5 | |
| 690 | @aU471.1@v5 | |
| 701 | 0 | @c(英)@a韦斯曼@9wei si man@c(Wiseman, John@f1940~)@4著 |
| 702 | 0 | @a许敏@9xu min@c(英语)@4译 |
| 702 | 0 | @a李尼@9li ni@4译 |
| 801 | 0 | @aCN@bTANGWEI@c20170308 |
| 905 | @b0958370-3@dG895@e314@f4 | |
| 怀斯曼生存手册.驾驶技巧=The SAS survival.Driver's handbook/(英)约翰·怀斯曼著/许敏,李尼译.-哈尔滨:北方文艺出版社,2016 |
| 344页:图;24cm |
| 光明书架 300 生活馆 242 英国皇家特种部队教官权威教程 |
| ISBN 978-7-5317-3706-3:CNY39.80 |
| 本书是一本驾车者必备的防御性驾驶高级技巧手册。书中详细介绍了驾驶基本知识、安全驾驶规则、汽车维护保养、应付紧急情况的策略、恶劣天气条件下驾驶和野外驾驶的技巧和禁忌等内容。 |
| ● |
| 相关链接 |
|
|
|
|
正题名:怀斯曼生存手册
索取号:G895/314
 
预约/预借
| 序号 | 登录号 | 条形码 | 馆藏地/架位号 | 状态 | 备注 |
| 1 | 0958370 | 209583707 | 第一样本阅览室/ [索取号:G895/314] | 在馆 | |
| 2 | 0958371 | 209583716 | 第四借阅区/ [索取号:G895/314] | 在馆 | |
| 3 | 0958372 | 209583725 | 第四借阅区/ [索取号:G895/314] | 在馆 | |
| 4 | 0958373 | 209583734 | 第四借阅区/ [索取号:G895/314] | 在馆 |